000 00363nam a2200133Ia 4500
005 20260326235441.0
008 260326s9999||||xx |||||||||||||| ||und||
100 _aIshizawa, Masao
245 0 _aPageant of Japanese art :
_b Architecture and Gardens /
_cMasao Ishizawa
260 _bToto Shuppan
300 _a183 p.
650 _aARQUITECTURA REGIONAL
942 _cBK
999 _c7422
_d7422